| 000 | 00948cam a2200253 a 4500 | ||
|---|---|---|---|
| 005 | 20160112033317.0 | ||
| 008 | 970428t1997 caua fr 001 0 eng | ||
| 020 | _a1566901367 | ||
| 040 |
_aDLC _cDLC _dCO-BoIAVH |
||
| 041 | _aeng | ||
| 044 | _axxu | ||
| 082 | 0 | 0 |
_a910.285 _bH33f |
| 100 | 1 |
_aHartman, Robert, _d1962- _949320 |
|
| 245 | 1 | 0 |
_aFocus on GIS component software : _bfeaturing MapObjects / _cRobert Hartman. |
| 250 | _a1st ed. | ||
| 260 |
_aSanta Monica, Calif. : _bOnWord Press, _c1997. |
||
| 300 |
_axxii, 341 paginas. : _bilustraciones. ; _c23 x 18 cm. + _e1 computer laser optical disc (4 3/4 in.) |
||
| 500 | _aIncludes index. | ||
| 650 | 0 |
_aGeographic information systems. _91199 |
|
| 650 | 0 |
_aSistemas de Información Geográfica. _xSoftware _949321 |
|
| 906 |
_a7 _bcbu _corignew _d1 _eocip _f19 _gy-gencatlg |
||
| 942 |
_2ddc _cLIBRO |
||
| 999 |
_c2679 _d2679 |
||